000
00305nam a2200109Ia 4500
008
220217s9999 xx 000 0 und d
245
0
_a
Specification for rubber closures (Pharmaceutical)
260
_c
1965
500
_a
Standard number: IS 3692
650
_a
Rubber closures, Pharmaceutical
942
_c
ST
999
_c
73745
_d
73745